1262 1329 1553 1855 1588 1822 1157 1691 1282 1034 1862 1269 1702 1161 1848 1769 1551 1597 1351 1740 1820 1841 1592 1003 1602 1613 1491 1363 1618 1155 1554 1575 1022 1209 1624 1313 1511 1420 1684 1977 1460 1749 1471 1144 1638 1553 1223 1296 1300 1620 1454 1368 1086 1068 1210 1056 1634 1622 1918 1193 1066 1746 1876 1536 1547 1100 1089 1967 1255 1946 1079 1136 1807 1819 1526 1279 1760 1882 1067 1810 1574 1616 1377 1838 1617 1098 1786 1410 1994 1316 1241 1110 1621 1635 1410 1303 1354 1646 1502 BCNSPRNW ULIB Ver.6.0+V

เปลี่ยนเป็นภาษาไทย

Change to English
 แสดงรายละเอียดบรรณานุกรม
  กลับหน้าหลัก

Brief Record : Get Marc (ISO 2709) : E-mail record : QR code < ปิดหน้าต่าง
LEADER : 00000nam 2200000uu 4500
001    13399108245
003     ULIB
008    110223s2552||||th 000 0 tha d
020    9789746724081
060 04 WE725^bต237ร 2552
100 0  ต่อพงษ์ บุญมาประเสริฐ
245 10 โรคกระดูกคอเสื่อม =^bDegenerative diseases of the cervicalspine /^cต่อพงษ์ บุญมาประเสริฐ
246 31 Degenerative diseases of the cervical spine
250    พิมพ์ครั้งที่ 1
260    เชียงใหม่ :^bภาควิชาออร์โทปิดิกส์ คณะแพทยศาสตร์มหาวิทยาลัยเชียงใหม่,^c2552
300    xii, 320 หน้า :^bภาพประกอบ (สีบางภาพ) ;^c27 ซม.
500    หนังสือเล่มนี้ได้รับการสนับสนุนจากโครงการตำราคณะแพทยศาสตร์ มหาวิทยาลัยเชียงใหม่
650  7 กระดูกสันหลังส่วนคอ
650  7 กระดูกสันหลัง, โรค
650  7 คอ
710 2  มหาวิทยาลัยเชียงใหม่. ^bคณะแพทยศาสตร์.^bภาควิชาออร์โทปิดิกส์
945    ^p450^l0^i029767
945    ^p450^l0^i027291
945    ^p450^l0^i025804
945    ^p450^l0^i025802
945    ^p450^l0^i025801
945    ^p450^l0^i025799
945    ^p450^l0^i025803
945    ^p450^l0^i025800
995    เกษร
999 ^a ใช้งานได้ทุกระบบ
รายการนี้ยังไม่มีแท็ก
คุณยังไม่ได้ล็อกอิน คุณสามารถมีกิจกรรมร่วมกับเว็บไซต์ได้ แต่ต้องล็อกอินก่อน ::
  ล็อกอิน

รายการสื่อสารสนเทศ

ลำดับที่ ประเภท เลขเรียก/บาร์โค้ด สถานที่ สถานะ
- ไม่พบข้อมูล -

รายการใกล้เคียง
    ผู้แต่ง [ต่อพงษ์ บุญมาประเสริฐ]

    หัวเรื่อง [กระดูกสันหลังส่วนคอ]
    หัวเรื่อง [กระดูกสันหลัง, โรค]
    หัวเรื่อง [คอ]

BibComment


ยังไม่เคยถูกคอมเมนท์

คอมเมนท์ทรัพยากรรายการนี้
  คอมเมนท์: โรคกระดูกคอเสื่อม..


 Copyright 2026. Bcnsprnw @Library